000 00311nam a2200133Ia 4500
005 20251222143249.0
008 251222s9999||||xx |||||||||||||| ||spa||
020 _a9972-58-126-8
082 _a276.985/J81
100 _aChiquillanqui, Julio
245 0 _aJuan Pablo II:
264 _bQW Editores
942 _cLIB
999 _c14872
_d14872